中国两弹一星元勋 The founding fathers of China’s two bombs and one star - Statistics

General Stats
  • This quiz has been taken 36 times
  • The average score is 8 of 23
Answer Stats
科学家 百度百科描述业绩节选 % Correct
钱学森 为中国火箭导弹和航天事业的创建与发展作出了杰出的贡献
97%
邓稼先 领导完成原子弹的理论方案,并参与指导核试验的爆轰模拟试验
94%
钱三强 中国原子能事业的开拓者和奠基人之一
78%
于敏 长期领导并参加核武器的理论研究、设计,解决了大量关键性的理论问题
75%
程开甲 中国第一颗原子弹研制的开拓者之一,中国核武器试验事业的创始人之一
50%
郭永怀 领导和组织爆轰力学、高压物态方程、空气动力学、飞行力学、结构力学等研究工作
41%
王淦昌 核武器研制的主要科学技术领导人之一,核武器研究实验工作的开拓者
38%
孙家栋 在中国第一颗人造地球卫星的研制中,作为技术总负责人
38%
朱光亚 中国核武器研制的科学技术领导人,负责并领导中国原子弹、氢弹的研制工作
31%
王大珩 中国现代国防光学技术及光学工程的开拓者和奠基人之一
31%
赵九章 中国人造卫星事业的倡导者和奠基人之一
25%
钱骥 中国空间技术的开拓者之一
19%
周光召 为中国第一颗原子弹、氢弹的研制成功作出了重大贡献
19%
姚桐斌 中国第一代航天材料工艺专家和技术领路人
16%
彭桓武 领导并参加原子弹、氢弹的原理突破和战略核武器的理论研究、设计工作
16%
吴自良 承担气体扩散法分离铀同位素用的“甲分离膜的制造技术”等任务
16%
王希季 中国早期从事火箭技术研究的组织者之一
16%
黄纬禄 中国固体战略导弹的奠基人
13%
屠守锷 作为开创人之一,投身于中国导弹与航天事业
13%
杨嘉墀 领导和参加中国第一颗人造地球卫星姿态测量系统的研制
13%
陈能宽 领导组织了核装置爆轰物理、炸药和装药物理化学、特殊材料及冶金、实验核物理等领域的研究工作
13%
陈芳允 中国卫星测量、控制技术的奠基人之一
13%
任新民 领导和参加了第一个自行设计的液体中近程弹道式地地导弹液体火箭发动机的研制工作
13%
No matching quizzes found
Score Distribution
Percent of People with Each Score
Percentile by Number Answered
Your Score History
You have not taken this quiz